| 000 | 01150nam a2200289 a 4500 | ||
|---|---|---|---|
| 001 | 000008146 | ||
| 003 | DO-SdBNP | ||
| 005 | 20211203123732.0 | ||
| 008 | 090915s2007 dr ab 001 0 spa d | ||
| 020 | _a9945421093 | ||
| 040 |
_aDO-SdBNP _bspa _cBNPHU |
||
| 082 | 4 |
_a929.2 _bS593h _222 |
|
| 100 | 1 |
_aSimó Torres, Dennis R. _917963 |
|
| 245 | 1 | 0 |
_aHuellas de familia : _bla familia Simó, de Cataluña a Santo Domingo : estudio genealógico / _cDennis R. Simó Torres ; investigador Armand de Fluviá y Escorsa,. |
| 260 |
_aSanto Domingo : _bInstituto Dominicano de Genealogía, _c2007. |
||
| 300 |
_av. : _bil., maps., retrs. ; _c31 cm. |
||
| 490 | 1 |
_aInvestigación genealógica ; _vv. 8 |
|
| 500 | _aLa biblioteca posee el v. 3 | ||
| 500 | _aIncluye referencias bibliográficas y notas al pie de las páginas. | ||
| 500 | _aIncluye índice onomástico. | ||
| 650 | 4 |
_aSimó (Familia) _xGenealogía _922108 |
|
| 650 | 4 |
_aSimó (Familia) _xHistoria _922109 |
|
| 651 | 4 |
_aRepública Dominicana _xGenealogía _92157 |
|
| 700 | 1 |
_aFluviá y Escorsa, Armand de _922110 |
|
| 830 | 0 |
_aInvestigación genealógica ; _nno. 8 _922111 |
|
| 942 |
_2ddc _cLBS1 |
||
| 999 |
_c7923 _d7923 |
||